ज्ञन का युग और भारत (Record no. 282971)

MARC details
000 -LEADER
fixed length control field 01344nam a2200385 a 4500
001 - CONTROL NUMBER
control field vtls000324386
003 - CONTROL NUMBER IDENTIFIER
control field NLI
005 - DATE AND TIME OF LATEST TRANSACTION
control field 20210602144910.0
008 - FIXED-LENGTH DATA ELEMENTS--GENERAL INFORMATION
fixed length control field 110105 2006 ii 000 0 hin d
020 ## - INTERNATIONAL STANDARD BOOK NUMBER
International Standard Book Number 8173155380
Terms of availability Rs 250 .00
039 #9 - LEVEL OF BIBLIOGRAPHIC CONTROL AND CODING DETAIL [OBSOLETE]
-- 201101052008
-- hindi1
040 ## - CATALOGING SOURCE
Original cataloging agency NLI
Language of cataloging hin
Transcribing agency Hindi Div
Description conventions AACR2
041 0# - LANGUAGE CODE
Language code of text/sound track or separate title hin
044 ## - COUNTRY OF PUBLISHING/PRODUCING ENTITY CODE
MARC country code ii
082 04 - DEWEY DECIMAL CLASSIFICATION NUMBER
Edition number 22
100 1# - MAIN ENTRY--PERSONAL NAME
Linkage 880 -01
Personal name माशेलकर,रघुनाथ अनंत.
9 (RLIN) 953
245 10 - TITLE STATEMENT
Linkage 880-02
Title ज्ञन का युग और भारत
Statement of responsibility, etc. रघुनाथ अनंत माशेलकर.
250 ## - EDITION STATEMENT
Edition statement ed/
260 ## - PUBLICATION, DISTRIBUTION, ETC.
Place of publication, distribution, etc. नई दिल्ली :
Name of publisher, distributor, etc. प्रभात प्रकाशन,
Date of publication, distribution, etc. 2006
300 ## - PHYSICAL DESCRIPTION
Extent 226p.
Dimensions 21cm.
650 #0 - SUBJECT ADDED ENTRY--TOPICAL TERM
Topical term or geographic name entry element Epistemology
9 (RLIN) 495230
700 1# - ADDED ENTRY--PERSONAL NAME
Linkage 880-03
700 1# - ADDED ENTRY--PERSONAL NAME
Linkage 880-04
880 1# - ALTERNATE GRAPHIC REPRESENTATION
Linkage 100-01/ (B
a Māślakara,Raghūnātha Aṅanta
880 10 - ALTERNATE GRAPHIC REPRESENTATION
Linkage 245-02/ (B
a Jṅāna kā yuga aura bhārata
d Raghūnātha Aṅanta Māślakara
880 1# - ALTERNATE GRAPHIC REPRESENTATION
Linkage 700-03/ (B
880 1# - ALTERNATE GRAPHIC REPRESENTATION
Linkage 700 -04/ (B
887 ## - NON-MARC INFORMATION FIELD
Content of non-MARC field Lata
901 ## - LOCAL DATA ELEMENT A, LDA (RLIN)
a 85566
b 17.10.07
902 ## - LOCAL DATA ELEMENT B, LDB (RLIN)
a H 121 M941jṅa
904 ## - LOCAL DATA ELEMENT D, LDD (RLIN)
a Lata
949 ## - LOCAL PROCESSING INFORMATION (OCLC)
-- VIRTUAITEM
-- 10001
-- 100
6 DBA000085566HIN
942 ## - ADDED ENTRY ELEMENTS (KOHA)
Source of classification or shelving scheme Dewey Decimal Classification
Koha item type Books
Holdings
Withdrawn status Lost status Damaged status Not for loan Collection code Home library Current library Shelving location Date acquired Total Checkouts Full call number Barcode Date last seen Price effective from Koha item type
        Hindi National Library of India National Library of India Hindi - Book - Main Stack Division     H 121 M941jṅa DBA000085566HIN 02/06/2021 02/06/2021 Books
                                                                           
web counter

Copyright ©2020 The National Library of India, Govt. of India ↔ Hosted by NVLI, MOC ↔ Technology and Design by National Library of India, Ministry of Culture, Govt. of India